Los medios en Chile: voces y contextos.
Պահպանված է:
| Հիմնական հեղինակ: | |
|---|---|
| Այլ հեղինակներ: | , , , , , , |
| Ձևաչափ: | Գիրք |
| Լեզու: | իսպաներեն |
| Հրապարակվել է: |
Valparaíso, Chile:
Ediciones Universitarias de Valparaíso,
2007.
|
| Խորագրեր: | |
| Ցուցիչներ: |
Ավելացրեք ցուցիչ
Չկան պիտակներ, Եղեք առաջինը, ով նշում է այս գրառումը!
|
MARC
| LEADER | 00000cam a2200000 a 4500 | ||
|---|---|---|---|
| 001 | UCI0194 | ||
| 003 | CL-VaPUC | ||
| 005 | 20250128141329.0 | ||
| 008 | 070427e20070000CL |||||||||||||||||spa|d | ||
| 999 | |c 325432 |d 325430 | ||
| 020 | |a 9789561703957 | ||
| 040 | |c Pontificia Universidad Católica de Valparaíso | ||
| 082 | 0 | 4 | |a 070.442 SAN 2007 |
| 100 | 0 | |a Santander Molina, Pedro Antonio |e editor |e autor |9 520288 | |
| 245 | 1 | 4 | |a Los medios en Chile: |b voces y contextos. |
| 260 | 0 | 3 | |a Valparaíso, Chile: |b Ediciones Universitarias de Valparaíso, |c 2007. |
| 300 | |a 195 páginas. | ||
| 583 | |a last modification |c 20171031 11:00:28 |k Rodrigo Vera | ||
| 650 | 0 | |a Medios de comunicación de masas |9 257273 |x Crítica e interpretación |z Chile | |
| 700 | |a Rodrigo Alsina, Miquel |9 719708 |e autor | ||
| 700 | |a Aimone García, Enrique |e autor |9 719709 | ||
| 700 | |a Bruce Hoyuelos, María Pilar |9 719710 |e autor | ||
| 700 | |a Deney Pineda, Macarena |9 719711 |e autor | ||
| 700 | |a Lazcano Peña, Daniela |9 889086 |e autor | ||
| 700 | |a Rivas Inostroza, Fernando Enrique |e autor |9 895971 | ||
| 700 | |a Vargas Carrillo, María Soledad |9 719715 |e autor | ||
| 942 | |c BK |2 ddc |n 1 | ||
| 945 | |d 20070427 00:00:00 |a cmena | ||
| 952 | |0 0 |1 0 |2 ddc |4 0 |6 070_442000000000000_SAN_2007 |7 0 |8 A |9 406317 |a BIBCUR |b BIBCUR |d 2019-11-22 |i 4336143 |o 070.442 SAN 2007 |p 4336143 |r 2025-04-22 |t 2 |w 2019-11-22 |y BK |k MGC | ||
| 952 | |0 0 |1 0 |2 ddc |4 0 |6 070_442000000000000_SAN_2007 |7 0 |8 A |9 406318 |a BIBCUR |b BIBCUR |d 2019-11-22 |i 433616K |o 070.442 SAN 2007 |p 433616K |r 2025-04-22 |t 3 |w 2019-11-22 |y BK |k MGC | ||
| 952 | |0 0 |1 0 |2 ddc |4 0 |6 070_442000000000000_SAN_2007 |7 0 |8 A |9 406319 |a BIBENE |b BIBENE |d 2019-11-22 |i 4335775 |o 070.442 SAN 2007 |p 4335775 |r 2025-01-15 |t 1 |w 2019-11-22 |y BK |k ICO | ||
| 952 | |0 0 |1 0 |2 ddc |4 0 |6 070_442000000000000_SAN_2007 |7 0 |8 X |9 406320 |a FDOBUD |b FDOBUD |d 2019-11-22 |i 4557689 |o 070.442 SAN 2007 |p 4557689 |r 2019-11-22 |t 4 |w 2019-11-22 |y BK_X |k FHP | ||
| 952 | |0 0 |1 0 |2 ddc |4 0 |6 070_442000000000000_SAN_2007 |7 0 |8 X |9 406321 |a FDOBUD |b FDOBUD |d 2019-11-22 |i 4557697 |o 070.442 SAN 2007 |p 4557697 |r 2019-11-22 |t 5 |w 2019-11-22 |y BK_X |k FHP | ||
| 952 | |0 0 |1 0 |2 ddc |3 erb |4 0 |6 070_442000000000000_SAN_2007 |7 0 |8 A |9 406322 |a BIBGIM |b BIBGIM |i 5118840 |o 070.442 SAN 2007 |p 5118840 |r 2025-01-15 |t 6 |w 2019-11-22 |y BK |z Catalogado en:20141016 |k GIM | ||
| 952 | |0 0 |1 0 |2 ddc |3 erb |4 0 |6 070_442000000000000_SAN_2007 |7 0 |8 A |9 406323 |a BIBEDU |b BIBEDU |i 5121272 |o 070.442 SAN 2007 |p 5121272 |r 2019-11-22 |t 7 |w 2019-11-22 |y BK |z Catalogado en:20141023 |k PSI | ||
| 952 | |0 0 |1 0 |2 ddc |3 erb |4 0 |6 070_442000000000000_SAN_2007 |7 0 |8 A |9 406324 |a BIBEDU |b BIBEDU |i 5260701 |o 070.442 SAN 2007 |p 5260701 |r 2019-11-22 |t 8 |w 2019-11-22 |y BK |z Catalogado en:20160107 |k LIT | ||
| 952 | |0 0 |1 0 |2 ddc |3 erb |4 0 |6 070_442000000000000_SAN_2007 |7 0 |8 A |9 406325 |a BIBEDU |b BIBEDU |i 526071K |o 070.442 SAN 2007 |p 526071K |r 2019-11-22 |t 9 |w 2019-11-22 |y BK |z Catalogado en:20160107 |k LIT | ||
| 952 | |0 0 |1 0 |2 ddc |3 erb |4 0 |6 070_442000000000000_SAN_2007 |7 0 |8 A |9 406326 |a BIBCUR |b BIBCUR |i 5289440 |o 070.442 SAN 2007 |p 5289440 |r 2025-04-22 |t 10 |w 2019-11-22 |y BK |z Catalogado en:20160603 |k PER | ||
| 952 | |0 0 |1 0 |2 ddc |4 0 |6 070_442000000000000_SAN_2007 |7 0 |8 A |9 551436 |a BIBEDU |b BIBEDU |d 2020-01-28 |i 5616042 |o 070.442 SAN 2007 |p 5616042 |r 2020-01-28 |t 11 |w 2020-01-28 |y BK |k PSI | ||
| 952 | |0 0 |1 0 |2 ddc |4 0 |6 070_442000000000000_SAN_2007 |7 0 |8 A |9 596868 |a BIBGIM |b BIBGIM |d 2024-09-17 |i 5662782 |o 070.442 SAN 2007 |p 5662782 |r 2025-01-15 |t 12 |w 2024-09-17 |y BK |k ELE | ||